Porovnanie účinnosti spaľovania vybraných horľavých látok

Na minha lista:
Detalhes bibliográficos
Autor principal: Lenčéš, Tomáš (Author)
Outros Autores: Rantuch, Peter (Thesis advisor)
Formato: Manuscrito Livro
Idioma:eslovaco
Publicado em: 2025
Assuntos:
Acesso em linha:http://is.stuba.sk/zp/portal_zp.pl?podrobnosti=179237
Tags: Adicionar Tag
Sem tags, seja o primeiro a adicionar uma tag!

MARC

LEADER 00000ntm a22000003a 4500
001 stuzp105570
003 SK-STU
005 20250628212856.4
007 ta
008 150427s2015----xo-----f-mn---000-0-slo-d
040 |a STU  |b slo 
041 0 |a slo 
100 1 |a Lenčéš, Tomáš  |u 065000  |4 aut  |U MTF Materiálovotechnologická fakulta  |T MTF Ústav integrovanej bezpečnosti  |X 122948  |U M5000  |Y 85  |7 122948 
242 0 1 |a Comparison of combustion efficiency of selected combustible substances  |y eng 
245 1 0 |a Porovnanie účinnosti spaľovania vybraných horľavých látok 
260 |c 2025 
650 4 |a modifikovaná účinnosť spaľovania  |2 slo 
650 4 |a horľavé materiály  |2 slo 
650 4 |a kónický kalorimeter  |2 slo 
650 4 |a combustible materials  |2 eng 
650 4 |a cone calorimeter  |2 eng 
650 4 |a modified combustion efficiency  |2 eng 
700 1 |a Rantuch, Peter  |u 065300  |k Z1  |4 ths  |U MTF Ústav integrovanej bezpečnosti  |T MTF Katedra požiarneho inžinierstva  |X 70853  |U M5300  |Y 193  |7 A000070853 
856 4 |u http://is.stuba.sk/zp/portal_zp.pl?podrobnosti=179237 
996 |c M* BP-9970  |l MMSKP  |s P  |a 0  |w stuzp105570_0001